Промышленные теплоэнергетические установки: [тематический сборник]

Bibliographic Details
Corporate Author: Московский энергетический институт
Other Authors: Соколов Е. Я. (редактор), Борисов Б. Г., Николаева Т. А.
Language:Russian
Published: Москва, Изд-во МЭИ, 1977
Series:Труды Московского энергетического института (МЭИ) Вып. 318
Subjects:
Format: Book
KOHA link:https://koha.lib.tpu.ru/cgi-bin/koha/opac-detail.pl?biblionumber=361508

MARC

LEADER 00000nam0a2200000 4500
001 361508
005 20250211063217.0
035 |a (RuTPU)RU\TPU\retro\18836 
035 |a RU\TPU\retro\18835 
090 |a 361508 
100 |a 20210609d1977 k y0rusy5003 ca 
101 0 |a rus 
102 |a RU 
105 |a y z 001zy 
200 1 |a Промышленные теплоэнергетические установки  |e [тематический сборник]  |f Московский энергетический институт ; под ред. Е. Я. Соколова ; под ред. Б. Г. Борисова ; под ред. Т. А. Николаевой 
210 |a Москва  |c Изд-во МЭИ  |d 1977 
215 |a 124 с.  |c табл., ил. 
225 1 |a Труды Московского энергетического института (МЭИ)  |v Вып. 318 
320 |a Библиогр. в конце ст. 
500 1 0 |a Труды Московского энергетического института  |9 88841 
606 1 |a Теплоэнергетика промышленная  |2 stltpush  |3 (RuTPU)RU\TPU\subj\59824  |9 77321 
610 1 |a жилищно-комунальное хозяйство 
610 1 |a тепло 
610 1 |a расход 
610 1 |a номографические расчеты 
610 1 |a города 
610 1 |a тепловые нагрузки 
610 1 |a турбины 
610 1 |a характеристики 
610 1 |a экономное расходование 
610 1 |a производительность 
610 1 |a теплообменники-утилизаторы 
610 1 |a гидравлические системы 
610 1 |a переходные процессы 
610 1 |a культивационные сооружения 
610 1 |a отопительные нагрузки 
610 1 |a теплопроводы 
610 1 |a повреждения 
610 1 |a капельная конденсация 
610 1 |a вихревые сепараторы 
610 1 |a экспериментальная плавка 
610 1 |a расчеты на ЭВМ 
610 1 |a плавильные агрегаты 
610 1 |a огнетехнические установки 
675 |a 621.1  |v 3 
702 1 |a Соколов  |b Е. Я.  |4 340 
702 1 |a Борисов  |b Б. Г.  |4 340 
702 1 |a Николаева  |b Т. А.  |4 340 
712 0 2 |a Московский энергетический институт  |c (1930-1992)  |3 (RuTPU)RU\TPU\col\20092  |9 27693 
801 0 |a RU  |b 63413507  |c 19950704  |g psbo 
801 1 |a RU  |b 63413507  |c 20060118  |g PSBO 
801 2 |a RU  |b 63413507  |c 20220211  |g PSBO 
942 |c BK